| 000 | 01283cam a2200289 4500 | ||
|---|---|---|---|
| 001 | ##L129835 | ||
| 002 | ##9111 | ||
| 008 | 050527n2006 000 0 eng u | ||
| 020 | _a1842192310 | ||
| 035 | _a(Sirsi) u129835 | ||
| 041 | 0 | _aeng | |
| 050 | 0 | 4 | _a692.8 $2 18 |
| 100 | 1 | _aDavison, James | |
| 245 | 0 | 0 |
_aJCT 2005 _bwhat's new? |
| 260 |
_aLondon _bRICS Business Services Ltd _c2006 |
||
| 300 |
_av, 327p. _b30cm. |
||
| 350 | _a39.95 | ||
| 520 | _aProvides an in-depth comparative analysis of the key JCT 05 contracts with the 1998 versions, considering both changes of style and layout, and those of substance and their practical implications. Looks in detail at standard building contract with quantities, design and build contract, intermediate building contract and minor works building contract. | ||
| 590 | _aIKA280306 | ||
| 650 | 2 | 4 | _aJCT STANDARD BUILDING CONTRACT WITH QUANTITIES (2005 EDITION) |
| 650 | 2 | 4 | _aJCT DESIGN AND BUILD CONTRACT (2005 EDITION) |
| 650 | 2 | 4 | _aJCT INTERMEDIATE BUILDING CONTRACT (2005 EDITION) |
| 650 | 2 | 4 | _aJCT MINOR WORKS BUILDING CONTRACT (2005 EDITION) |
| 651 | 4 |
_aUnited Kingdom _y |
|
| 690 | _aBUILT ENVIRONMENT-BUILDING CONTRACT FORMS-STANDARD FORMS OF BUILDING CONTRACT-JOINT CONTRACTS TRIBUNAL CONTRACTS | ||
| 942 | _n0 | ||
| 999 |
_c104292 _d104292 |
||